000 01007cam a2200265 i 4500
003 SA-RiAUC
005 20251230081301.0
008 251228s2011____su g 000 0 ara c
020 _a9786038086254
040 _aSA-RiPSU
_bara
_cSA-RiAUC
_erda
082 0 4 _a920.001
_qSA-RiAUC
090 _a920.001
_bا ل م
100 1 _aآل مريع، أحمد بن علي،
_d1390 هجري-
_eمؤلف.
245 1 2 _aالسيرة الذاتية :
_bمقاربة الحد والمفهوم /
_cأحمد بن علي آل مريع.
250 _aالطبعة الأولى.
264 1 _aالرياض :
_bالمجلة العربية،
_c[2011]
300 _a175 صفحة ؛
_c21 سم.
336 _aنص
_btxt
_2rdacontent
_3كتاب
337 _aبدون وسيط
_bn
_2rdamedia
338 _aمجلد
_bnc
_2rdacarrier
490 0 _aسلسلة كتاب المجلة العربية ؛
_v178
650 7 _aالتراجم الذاتية
_2aucsh
942 _2ddc
_cBOOK
_n0
949 _aSA-JeALM
_d251228
_umohamedma123
_n1
999 _c13827
_d13827